000 01019cam a2200265 4500
001 J2028
008 090401t1987 xxu||||| |||| 00| 0 eng d
035 _a(Sirsi) u46821
041 _aeng
050 _a692.8
090 _aJCT 1987/24A
110 _aJoint Contracts Tribunal
_93664
245 _aConsolidated main contract formula rules dated October 1987 for use with Standard Form of Building Contract 1980 edition, all versions, Intermediate Form of Building Contract 1984 edition, Standard Form of Building Contract with Contractor`s Design 1981 edition.
260 _aLondon
_bRIBA Publications Ltd.
_c1987
300 _a23p. ; 30cm.
350 _a7.5
650 _aCONTRACTORS DESIGN
650 _aFORMULA RULES
650 _aJCT INTERMEDIATE FORM OF BUILDING CONTRACT (1984 EDITION)
650 _aJCT STANDARD FORM OF CONTRACT 1980
650 _aJCT STANDARD FORM OF CONTRACT WITH CONTRACTORS DESIGN
690 _aBUILT ENVIRONMENT-BUILDING CONTRACT FORMS
942 _n0
948 _c04/03/1997
999 _c92016
_d92016